सामाजिक बुराइयों के उन्मूलन में कबीर का योगदान : (Record no. 120433)

MARC details
000 -LEADER
fixed length control field 01267nam a22002657a 4500
005 - DATE AND TIME OF LATEST TRANSACTION
control field 20170124103158.0
010 ## - LIBRARY OF CONGRESS CONTROL NUMBER
LC control number B-198944
020 ## - INTERNATIONAL STANDARD BOOK NUMBER
Terms of availability 250.00
International Standard Book Number 8181290682
035 ## - SYSTEM CONTROL NUMBER
System control number B-198944
037 ## - SOURCE OF ACQUISITION
Source of stock number/acquisition Cen Lib/Ret
040 ## - CATALOGING SOURCE
Original cataloging agency DPL
Language of cataloging HN
082 ## - DEWEY DECIMAL CLASSIFICATION NUMBER
Classification number 821.08
Item number कौशिक
100 ## - MAIN ENTRY--PERSONAL NAME
Personal name कौशिक, मीता
9 (RLIN) 90397
245 ## - TITLE STATEMENT
Title सामाजिक बुराइयों के उन्मूलन में कबीर का योगदान :
Statement of responsibility, etc मीता कौशिक
Remainder of title आज के सन्दर्भ में /
246 ## - VARYING FORM OF TITLE
Title proper/short title Samajik buraiyon ke unmoolan me Kabeer ka yogdan : aaj ke sandarbh me/
Remainder of title by Meeta Kaushik
260 ## - PUBLICATION, DISTRIBUTION, ETC. (IMPRINT)
Place of publication, distribution, etc नई दिल्ली
Name of publisher, distributor, etc नमन प्रकाशन
Date of publication, distribution, etc 2005
270 ## - ADDRESS
City नई दिल्ली
Address 4378/4B, अंसारी रोड, दरियागंज
Postal code 110092
300 ## - PHYSICAL DESCRIPTION
Extent viii,136पृ.
Dimensions 21सेमी(सजिल्द)
500 ## - GENERAL NOTE
General note संदर्भ शामिल
650 ## - SUBJECT ADDED ENTRY--TOPICAL TERM
Topical term or geographic name as entry element कबीर -- जीवन वृत्त
9 (RLIN) 6720
650 ## - SUBJECT ADDED ENTRY--TOPICAL TERM
Topical term or geographic name as entry element कबीर -- प्रासंगिकता
9 (RLIN) 1221
650 ## - SUBJECT ADDED ENTRY--TOPICAL TERM
Topical term or geographic name as entry element Kabir - biography
9 (RLIN) 90398
650 ## - SUBJECT ADDED ENTRY--TOPICAL TERM
Topical term or geographic name as entry element Kabir - Relevance
9 (RLIN) 90399
942 ## - ADDED ENTRY ELEMENTS (KOHA)
Source of classification or shelving scheme Dewey Decimal Classification
Koha item type Hindi Books
Classification part 821.08
Call number suffix कौशिक
Holdings
Withdrawn status Lost status Damaged status Not for loan Home library Current library Date acquired Source of acquisition Cost, normal purchase price Total Checkouts Full call number Barcode Date last seen Date checked out Copy number Cost, replacement price Price effective from Koha item type
        Central Library Central Library 22/09/2015 Cen Lib/Ret 250.00 1 821.08 कौशिक B-198944 01/08/2018 06/07/2018 1 250.00 22/09/2015 Hindi Books

© Delhi Public Library
Hit Counter
free hit counter